000 00503nam a22001937a 4500
003 OSt
005 20180116183009.0
008 150901b xxu||||| |||| 00| 0 eng d
020 _a0370013891
040 _c0
082 _a813.54 MAY 1975
100 _aPeter Mayne
245 _aFriends in High Places
_bA Season in The Himalayas
_cPeter Mayne
260 _aIndia
_bGreat Britain
_c1975
300 _a319 P.
_bHB
440 _aFriends in High Places
600 _aPeter Mayne
942 _2ddc
_cBK
999 _c350215
_d350215